000 00645nam a2200217 i 4500
001 130132
003 ES-MaACL
005 20240304212851.0
007 t|
008 070719s1959 sp |||| |bspa d
100 1 _aZweig, Stefan,
_d1881-1942
_9118562
245 1 0 _aDostoiewski /
_cStefan Zweig ; [traducción de Editorial Juventud].
250 _a1ª ed.
260 _aBarcelona :
_bJuventud,
_c1959.
300 _a218 p. ;
_c18 cm.
490 1 _aColección Z
600 1 4 _aDostoievski, Fiódor,
_d1821-1881-
_xBiografías
_945458
830 0 _aColección Z
_9181242
852 _aES-MaACL
_jC-17324
999 _c130132
_d130132